| 000 | 00662cam a2200229 4500 | ||
|---|---|---|---|
| 001 | 11102 | ||
| 005 | 20230410130713.0 | ||
| 008 | 060907s2002 mx spa | ||
| 020 | _a9707012595 | ||
| 035 | _9funglode11188 | ||
| 041 | _aspa | ||
| 050 | 1 | 4 |
_aPN 4756 _bV718d 2002 |
| 082 | 0 | 0 | _a070.4 |
| 100 | 1 |
_aVillanueva, Ernesto, _d1966- |
|
| 245 | 1 | 0 |
_aDeontología informativa : _bcódigos deontológicos de la prensa escrita en el mundo / _cErnesto Villanueva |
| 250 | _a2a ed. | ||
| 260 |
_aMéxico : _bUniversidad Iberoamericana, _c2002 |
||
| 300 | _a425 p. | ||
| 650 | 0 | _aJournalistic ethics. | |
| 650 | 4 | _aEtica periodística. | |
| 942 |
_2lcc _cbk |
||
| 999 |
_c78844 _d78844 |
||